000 00619nam a2200229Ia 4500
005 20250508165150.0
008 008 250505s9999 xx 000 0 eng d
020 _a0-201-52630-1
037 _aTextual
040 _aFEDL
_beng
_cFEDL
041 _aeng
_2eng
084 _a338.9, TOD
_qFEDL
100 _aTodaro Michael P
245 0 _aEconomic development
250 _a7
260 _aMassachusetts, USA
_bAddison- Wesley Publishing Company
_c2001
300 _axxv,783p.
365 _aINR
_b425
546 _aRSPEE; Indian reprint
942 _cTEXL
_h338.9, TOD
999 _c1393537
_d1393537